000 00418nam a2200169 a 4500
001 0000-8957
003 ELIB.Books
008 110520 1986
035 _a(ELIB.Books)0000-9106
082 _a230
_bCra
100 _aCracknell, Kenneth
245 _aTowards a New Relationship
260 _bLondon: Epwoth Press
_c1986
650 _aTheology
942 _2ddc
_cBK
998 _cbat
_e2011-05-20
999 _c8957
_d8957